000 00603nam a2200181 a 4500
001 000020575
005 20200930011129.0
008 100810s2017 dr r 000 0 spa d
020 _z9879945090321
040 _aDO-SdBNP
_bspa
_cBNPHU
082 _axxxx
_bE56d
100 1 _aEncarnación Genery, Eligio Ant.
_943300
245 1 0 _aDominicanadas /
_cEligio Ant. Encarnación Genery.
300 _a131 p. ;
_c21 cm.
500 _aIncluye datos biográficos del autor en la contracubierta
500 _aIncluye referencias bibliográficas y notas al pie de las páginas
590 _aInventariado, 2020/BT
999 _c20079
_d20079